00678cam a2200205 a 450000100100000000500170001000800410002702000150006804000290008308200180011210000210013024500890015126000330024030000210027350000640029450400330035865000230039165000360041470000220045000001811120200929165347.0750210s1974 xxc b 000 0 fre d a0776189018 aDO-SdBNPbfrecLCdBNPHU a844.54bB863i1 aBrochu, André.12aL'instance critique :b1961-1973 /cAndré Brochu ; presentación Francois Ricard. aQuébec :bLeméac,c1974. a375 p. ;c20 cm. aA collection of the author's previously published articles. aBibliografías: p. 369-371. 4aEnsayos canadiense 4aLiteratura canadienseySIGLO XX1 aRicard, Francois.